| 000 | 00579nam a2200217Ia 4500 | ||
|---|---|---|---|
| 005 | 20241129120213.0 | ||
| 008 | 241129s9999||||xx |||||||||||||| ||und|| | ||
| 020 | _a9781647266899 | ||
| 037 | _aTB | ||
| 040 |
_aSDCL _beng _cSDCL |
||
| 041 |
_aeng _2eng |
||
| 084 |
_aS:523, R3 _qSDCL |
||
| 100 |
_aJohnston Florence _9729022 |
||
| 245 | 0 | _aApplied Positive Psychology | |
| 260 |
_aNew York _bClanrye International _c2023 |
||
| 300 | _avi,232p.+Index | ||
| 365 |
_aUSD _b150.95 |
||
| 650 | _aPsychology | ||
| 942 |
_cTB _hS:523, R3 |
||
| 999 |
_c1233786 _d1233786 |
||